Malá Fatra hotel Boboty

Zobrazenie: Pohľad na hotel Boboty z blízka v pozadí je vidieť vrch

Bibliographic Details
Other Authors: Šaradin, Milan, 1910-1984 (Photographer)
Format: Postcard
Language:Slovak
PhysicalDescription:1 pohľadnica čiernobiela 11 x 15 cm
Published: [Bratislava] VPL 1967
Subjects:

MARC

LEADER 00000nkm a2200000 a 4500
001 vtls011974530
003 SK-MaSNL
005 20260512122522.0
007 kp bo
008 230706s1967 xo g kuslo
015 |a SNBG1967 
035 |a urn:nbn:sk:snk-km00ehfo 
035 |a urn:nbn:sk:snk-km45y1e 
035 |a FEDD0EE4-F37E-4EAE-890F-07FAE9BA8F41 
040 |a SNK  |b slo  |c SNK  |e AACR2 
041 0 |a slo 
043 |a e-xo--- 
044 |a xo  |c SK 
072 7 |a 908(437)  |x Vlastiveda Česka a Slovenska  |2 konspekt 
080 |a 908(437.6)  |2 2011 
080 |a 728.5(23)  |2 2011 
080 |a (084.121)  |2 2011 
080 |a 913(437.6)  |2 2011 
080 |a (234.372.4)  |2 2011 
100 1 |a Šaradin, Milan,  |d 1910-1984  |4 pht  |9 211957 
245 1 0 |a Malá Fatra  |h grafika  |b hotel Boboty  |c Foto Milan Šaradín 
260 |a [Bratislava]  |b VPL  |c 1967 
300 |a 1 pohľadnica  |b čiernobiela  |c 11 x 15 cm 
520 8 |a Zobrazenie: Pohľad na hotel Boboty z blízka v pozadí je vidieť vrch 
610 2 7 |a Hotel Boboty (Terchová, Slovensko)  |2 SNKKA  |9 224269 
650 0 7 |a hotely  |2 SNKPH  |9 18422 
651 7 |a Malá Fatra (Slovensko : pohorie)  |2 SNKPH  |9 56372 
655 7 |a geografické pohľadnice  |2 SNKPH  |9 70522 
655 7 |a miestne pohľadnice  |2 SNKPH  |9 70510 
852 |a Slovenská národná knižnica 
958 |a GC 
958 |a OND 
958 |a GBN 
999 |c 608115  |d 610045 
952 |a SNK  |b SNK  |y PREZ  |7 0  |p 17A1279985  |o snkSP 51335  |0 0  |1 0  |4 0  |d 2020-06-17  |f 1  |l 0  |r 2026-02-23 16:14:41  |w 2026-02-23